000 00742nam a2200253Ia 4500
003 OSt
005 20221006144028.0
006 a|||||r|||| 00| 0
007 ta
008 221006b |||||||| |||| 00| 0 eng d
020 _c192.80
024 _a10,678
037 _cTextual
040 _aEASL
_cEASL
_beng
041 _2eng
_aeng
082 _aW691xM93, L4
100 _aHSIUNG James Chieh Ed.
245 0 _aLogic of ''Maoism''
_b Critiques and explication
260 _aNew York
_bPraeger Publishers
_c1974
300 _a227p.
_ccm.
490 _v CEL
_aPraeger special studies in internatinal politics and government
942 _hW691xM93, L4
_cTEXL
_2CC
999 _c1078764
_d1078764